000 02108cam a22005174i 4500
003 PE-LiUPU
005 20250731180138.0
008 150616s r 000 0 d
020 _a9687270101
035 _a(Sirsi) i9789687270104
040 _aPE-LiUPU
_bspa
_cPE-LiUPU
_erda
049 _aPRUA
082 0 4 _a540
_bM79
_221
100 1 _aMortimer, Charles E.,
_eautor.
245 1 0 _aQuimica /
_cCharles E. Mortimer.
264 1 _aMéxico D.F. :
_bGrupo Editorial Iberoamérica,
_c1983.
300 _a768 páginas :
_bilustraciones retratos, diagrs., tablas, dibjs., gráfs., fotos
336 _atext
_2rdacontent
337 _aunmediated
_2rdamedia
338 _avolume
_2rdacarrier
505 0 _aEstequiometría -- Termoquímica -- Estructura atómica -- Propiedades de los átomos y el enlace iónico -- Enlace covalente -- Geometría molecular; orbitales moleculares -- Gases -- Líquidos y sólidos -- Soluciones -- Reacciones en solución acuosa -- Cinética química -- Equilibrio químico -- Teorías de ácidos y bases -- Equilibrio iónico -- Elementos de termodinámica química -- Electroquímica -- Los no metales -- Metales y metalurgia -- Compuestos complejos -- Química nuclear -- Química orgánica -- Bioquímica.
526 _aSEG44
526 _aSEG26
526 _aP159
526 _aP155
526 _aP154
526 _aP153
526 _aP150
526 _aP100
526 _aP31
526 _aP30
526 _aP26
526 _aP25
526 _aP24
526 _aP22
526 _aP15
526 _aP10
650 0 4 _aQuímica.
910 _ajck
_bjvq
_cjck
942 _2ddc
_cBOOK
949 _a540 M79
_wDEWEY
_c1
_i35326
_d2016-9-29
_e2016-9-29
_lCCODEBUL1
_mBUL
_n2
_r0
_sY
_tBOOK
_u2015-6-16
_xEDUCACION
_PP20
_0COMPRA
_o.STAFF. Colección General
994 _aC0
_bPEPRU
596 _a1
999 _a540 M79
_wDEWEY
_c48609
_i35326
_d48609
_e2019-8-8
_f2022-4-12
_g5
_lCCODEBUL1
_mBUL
_n6
_q2
_r0
_sY
_tBOOK
_u2015-6-16
_xEDUCACION
_PP20
_0COMPRA
_o.STAFF. Colección General
980 _81
_gALBERTO SANCHEZ Responsable de Automatización